Precalculus graphical, numerical, alfebraic
| Main Author: | |
|---|---|
| Format: | Section = Libro |
| Language: | Undetermined Spanish |
| Published: |
Boston
Pearson Educación
2007
|
| Edition: | 7a.ed. |
| Subjects: |
| LEADER | 00602nam a2200229Ia 4500 | ||
|---|---|---|---|
| 008 | 240829s9999 xx 000 0 und d | ||
| 020 | |a 0-321-35693-4 | ||
| 040 | |a BIBLIOTECA-RUSB/ 515 P923 | ||
| 041 | |a spa | ||
| 082 | |a 515 P923 | ||
| 100 | 1 | |a Demana, ranklin D. | |
| 245 | 1 | 0 | |a Precalculus graphical, numerical, alfebraic |
| 250 | |a 7a.ed. | ||
| 260 | |a Boston |b Pearson Educación |c 2007 | ||
| 300 | |a 1031 p. :il. | ||
| 650 | 7 | |a CALCULO | |
| 650 | 7 | |b FUNCIONES EXPONENCIALES | |
| 650 | 7 | |c FUNCIONES TRIGONOMETRICAS | |
| 650 | 7 | |d SITEMAS MATRICES | |
| 942 | |c BK |2 ddc | ||
| 991 | |a TEXTO | ||
| 999 | |c 1598 | ||